000 00416nmm a2200145Ia 4500
008 251105s9999||||xx |||||||||||||||||und||
041 _aspa
100 _aWeber, David
245 0 _aHonor entre enemigos
264 _a[Madrid, España] :
_bLa Factoría de Ideas,
_c2009
300 _a407 páginas
650 _aScience fiction & Fantasy
856 _uhttps://public.digitaliapublishing.com/a/70026
942 _cCF
999 _c104288
_d104288